| 000 | 00385nam a2200145Ia 4500 | ||
|---|---|---|---|
| 008 | 130318s9999 xx 000 0 und d | ||
| 020 | _a817635550x | ||
| 082 | _a006.7F ROG/T | ||
| 100 | _aRogers, Cadenhead | ||
| 245 | _aTeach yourself Microsoft front page 2002 in 24 hours | ||
| 260 |
_bTechmedia _aNew Delhi _c2001 |
||
| 300 | _a401 | ||
| 650 | _aFRONTPAGE | ||
| 650 | _aWEB PAGE DESIGN | ||
| 999 |
_c641 _d641 |
||